000 00945nam a2200265 i 4500
003 DO-SdBNP
005 20251016112825.0
007 ta
008 110411s2017 dr ac 000 | spa d
040 _aDO-SdBNP
_bspa
_cBNPHU
_erda
041 _hspa
_aspa
082 4 _axxx
_bR579m 2017
_222
100 1 _aRincón, Francisco A.,
_eautor
_4aut.
_955541
245 1 3 _aLa mejorada Villa de Cotuy /
_cFrancisco A. Rincón ; corrección, Legia Altagracia Lanfranco Núñez
264 4 _aSanto Domingo :
_bEditora Cañabrava,
_c©2017.
300 _a296 páginas:
_bilustraciones, retratos ;
_c21 cm.
336 _atexto
_btxt
_2rdacontent
337 _asin mediación
_bn
_2rdamedia
338 _avolumen
_bnc
_2rdacarrier
500 _aIncluye datos biográficos del autor en la contracubierta.
590 _aInventariado, 2024/DG
700 _aLanfranco Núñez, Legía Altagracia
_ecorrector
_4corr.
_988708
910 _aBtavárez
942 _2ddc
_cLBS1
999 _c59968
_d59968